Diaguitas /

Guardado en:
Autor Principal: de Hoyos, María.
Otros Autores: Chiappe, Aldo; il.
Formato: Libro
Idioma:Undetermined
Publicado: Madrid : A-Z, 1998.
Series:Gente americana / Miguel Ángel Palermo
Materias:
Etiquetas: Agregar Etiqueta
Sin Etiquetas, Sea el primero en etiquetar este registro!
LEADER 01010nam a22002055a 4500
001 CEM.cems024232
008 240814s1998####sp############000#0#und#d
005 20240814150431.0
245 1 0 |a Diaguitas /  |c María de Hoyos ; ilustrado por Aldo Chiappe. 
260 |a Madrid :  |b A-Z,  |c 1998. 
300 |a 32 p. 
490 1 |a Gente americana / Miguel Ángel Palermo 
505 0 |a El país de los diaguitas -- Una larga historia -- El uso de los recursos -- Una dieta variada -- Agricultura de montaña -- Cerámica y metales -- De los pies a la cabeza -- Aspecto de diaguita -- Los pueblos -- Organización social -- Armas y guerreros -- Creencias religiosas -- Los diaguitas contra los imperios -- Conocer la historia -- Gente que se ocupa de los diaguitas 
020 |a 9505344600 
100 1 |a de Hoyos, María. 
700 1 |a Chiappe, Aldo; il. 
653 |a Pueblos originarios 
653 |a Pueblos originarios-Argentina 
653 |a Diaguitas 
859 |a CEMS  |b BIB. CEMS - Inicial y Primaria  |h 572.982  |i D367-2  |k IP  |p 3305  |t Ej.1